| 000 | 00431nam a2200157Ia 4500 | ||
|---|---|---|---|
| 008 | 230917s9999||||xx |||||||||||||| ||und|| | ||
| 040 |
_e80895 _aMAIN |
||
| 041 | _aEnglish | ||
| 082 | _a346.022 P765I | ||
| 100 | _aPollock | ||
| 245 | 0 | _aIndian contract and specific relief acts: with a commentary critical and explanatory | |
| 250 | _a10th ed. | ||
| 260 |
_aBombay _bN M Tripathi _c1986 |
||
| 300 | _accv, 1204 p. | ||
| 942 | _cBK | ||
| 999 |
_c60006 _d60006 |
||